000 00224nam a2200097Ia 4500
100 _aKay/F.X.
942 _cBK
245 _aPneumatic Circuit Design
260 _bMAchinerys Standard Reference Series
_c2001
546 _aENGLISH
999 _c18019
_d18019